| 000 | 00453nam a22001577a 4500 | ||
|---|---|---|---|
| 008 | 090521t xxu||||| |||| 00| 0 eng d | ||
| 020 | _a9966253572 | ||
| 050 |
_aDT20 _b.O56 2006 |
||
| 100 | _aOkoth, Assa | ||
| 245 |
_aA history of Africa: _b1800 - 1914 |
||
| 260 |
_aNairobi _bEast African Educational publishers _c2006 |
||
| 300 |
_a414p. ; _c25.5cm |
||
| 440 | _vVol. 1 | ||
| 500 | _aIncludes bibliographical references and index | ||
| 942 |
_2lcc _cBK |
||
| 999 |
_c34891 _d34891 |
||